O corcunda de notre-dame (Record no. 193005)

MARC details
000 -LÍDER
campo de controle de tamanho fixo 00356 a2200157 4500
001 - NÚMERO DE CONTROLE
campo de controle 193005
020 ## - ISBN - INTERNATIONAL STANDARD BOOK NUMBER
ISBN - International Standard Book Number 978-85-262-8392-3
040 ## - FONTE DA CATALOGAÇÃO
Instituição que transcreveu o registro Magnum
100 ## - ENTRADA PRINCIPAL--NOME PESSOAL
Nome pessoal Hugo, Victor
240 10 - TÍTULO UNIFORME
Título uniforme O corcunda de notre-dame
Idioma da obra por
245 10 - TÍTULO
Título O corcunda de notre-dame
300 ## - DESCRIÇÃO FÍSICA
Extensão 136
362 0# - DATAS DE PUBLICAÇÃO E/OU DESIGNAÇÃO SEQUENCIAL
Datas de publicação e/ou designação sequencial 2011
697 ## - ENTRADA DE ASSUNTO LOCAL--ENTIDADE COLETIVA (RLIN)
Nome corporativo ou nome da jurisdição LITERATURA JUVENIL ESTRANGEIRA
942 ## - ELEMENTOS DE ENTRADA ADICIONADOS (KOHA)
Tipo de material Koha Livros
Holdings
Situação do descarte Situação das perdas Situação física Não pode ser emprestado Biblioteca de origem Biblioteca atual Data de aquisição Total de empréstimos Número de chamada completo Código de barras Data de último acesso Data do preço efetivo Tipo de material Koha
        Magnum Magnum 08/06/2024   890.3.319 MAG00071907 08/06/2024 08/06/2024 Livros
        Magnum Magnum 08/06/2024   890.3.319 MAG00071908 08/06/2024 08/06/2024 Livros
        Magnum Magnum 08/06/2024   890.3.319 MAG00071909 08/06/2024 08/06/2024 Livros
        Magnum Magnum 08/06/2024   890.3.319 MAG00071910 08/06/2024 08/06/2024 Livros
        Magnum Magnum 08/06/2024   890.3.319 MAG00071911 08/06/2024 08/06/2024 Livros
        Magnum Magnum 08/06/2024   890.3.319 MAG00071912 08/06/2024 08/06/2024 Livros
        Magnum Magnum 08/06/2024   890.3.319 MAG00071913 08/06/2024 08/06/2024 Livros
        Magnum Magnum 08/06/2024   890.3.319 MAG00071914 08/06/2024 08/06/2024 Livros
        Magnum Magnum 08/06/2024   890.3.319 MAG00071915 08/06/2024 08/06/2024 Livros
        Magnum Magnum 08/06/2024   890.3.319 MAG00071916 08/06/2024 08/06/2024 Livros